000 00891nam a2200229Ia 4500
999 _c41383
_d41383
001 8045
003 GE_BSU
005 20200116121239.0
008 181216s||||||||xx |||||||||||||| ||und||
020 _a9789941929137
040 _cGE_BSU
041 _ageo
080 _a821.353.1-1 ჟ–99
100 _aჟღენტი–ჯიჯავაძე, ნათელა
_96151
245 _aზღვის სიმფონია :
_bლირიკა /
_cნათელა ჟღენტი-ჯიჯავაძე ; რედ. ამირან ქანთარია.
264 _aთბილისი,
_c2012
300 _a188 გვ.;
_b20 სმ.
653 _aლირიკა
653 _aმხატვრული ლიტერატურა
700 _aქანთარია, ამირან
_eრედაქტორი
_96152
942 _cBK
_2udc